Statistics for 90 secs World Capitals: by same 2nd letter

Click here to take the quiz!

General Stats

  • This quiz has been taken 994 times
  • The average score is 168 of 196

Answer Stats

Capital City% Correct
Zagreb
98%
Male
98%
Panama
98%
Palikir
98%
Nay Pyi Taw
98%
Nassau
98%
Nairobi
98%
Maseru
98%
Maputo
98%
Manila
98%
Manama
98%
Malabo
98%
Paris
98%
Majuro
98%
Madrid
98%
Kathmandu
98%
Kampala
98%
Kabul
98%
Jakarta
98%
Havana
98%
Harare
98%
Hanoi
98%
Gaborone
98%
Paramaribo
98%
Rabat
98%
Dakar
98%
Tarawa
98%
Yaren
98%
Yaounde
98%
Yamoussoukro
98%
Washington
98%
Warsaw
98%
Vatican City
98%
Valletta
98%
Vaduz
98%
Tashkent
98%
Tallinn
98%
Saint George's
98%
Taipei
98%
Sarajevo
98%
Sao Tome
98%
Santo Domingo
98%
Santiago
98%
Sana'a
98%
San Salvador
98%
San Marino
98%
San Jose
98%
Saint John's
98%
Damascus
98%
Managua
98%
Caracas
98%
Canberra
98%
Baghdad
98%
Baku
98%
Bamako
98%
Bandar Seri Begawan
98%
Bangkok
98%
Bangui
98%
Banjul
98%
Basseterre
98%
Cairo
98%
Castries
98%
Copenhagen
95%
Conakry
95%
Nouakchott
95%
Moscow
95%
Mogadishu
95%
Moroni
95%
Montevideo
95%
Monrovia
95%
Bogota
95%
Tokyo
95%
Port-of-Spain
95%
Podgorica
95%
Port Louis
95%
Port Moresby
95%
Port-au-Prince
95%
Lome
95%
Porto-Novo
95%
Port-Vila
95%
Rome
95%
Roseau
95%
Sofia
95%
London
95%
Monaco
95%
Honiara
95%
Dodoma
95%
Doha
95%
Colombo
95%
Berlin
94%
New Delhi
94%
Bern
94%
Belmopan
94%
Belgrade
94%
Beirut
94%
Jerusalem
94%
Helsinki
94%
Mexico City
94%
Melekeok
94%
Wellington
94%
Beijing
94%
Reykjavik
94%
Seoul
94%
Yerevan
94%
Tegucigalpa
94%
Tehran
94%
Georgetown
94%
Windhoek
89%
Dili
89%
Vilnius
89%
Tirana
89%
Singapore
89%
Riyadh
89%
Lima
89%
Vientiane
89%
Nicosia
89%
Riga
89%
Niamey
89%
Lilongwe
89%
Victoria
89%
Minsk
89%
Bissau
89%
Lisbon
89%
Vienna
89%
Libreville
89%
Kiev
89%
Kigali
89%
Kingston
89%
Bishkek
89%
Kingstown
89%
Kinshasa
89%
Funafuti
86%
Dushanbe
86%
Dublin
86%
Bucharest
86%
Suva
86%
Budapest
86%
Luxembourg
86%
Lusaka
86%
Kuwait City
86%
Sucre
86%
Luanda
86%
Quito
86%
Kuala Lumpur
86%
Guatemala City
86%
Nuku'alofa
86%
Buenos Aires
86%
Ouagadougou
86%
Muscat
86%
Bujumbura
86%
Juba
86%
Tunis
86%
Praia
76%
Prague
76%
Freetown
76%
Brasilia
76%
Pretoria
76%
Brussels
76%
Bridgetown
76%
Pristina
76%
Brazzaville
76%
Bratislava
76%
Tripoli
76%
Athens
70%
Ottawa
70%
Stockholm
70%
Ashgabat
69%
Oslo
69%
Asmara
69%
Islamabad
69%
Astana
69%
Asuncion
69%
Mbabane
60%
Abuja
60%
Abu Dhabi
60%
Tbilisi
60%
Andorra la Vella
57%
Antananarivo
57%
Ankara
57%
Amman
48%
Amsterdam
48%
Accra
47%
NDjamena
45%
Addis Ababa
45%
Ulaanbaatar
41%
Algiers
41%
Dhaka
39%
Chisinau
39%
Khartoum
39%
Phnom Penh
39%
Thimphu
39%
Apia
32%
Djibouti
30%
Ljubljana
30%
Pyongyang
28%
Skopje
21%

Score Distribution

Percentile by Number Answered

Percent of People with Each Score

Your Score History

You have not taken this quiz